<?xml version="1.0" encoding="UTF-8"?>
<record
    xmlns:xsi="http://www.w3.org/2001/XMLSchema-instance"
    xsi:schemaLocation="http://www.loc.gov/MARC21/slim http://www.loc.gov/standards/marcxml/schema/MARC21slim.xsd"
    xmlns="http://www.loc.gov/MARC21/slim">

  <leader>01018cam a2200301 ib4500</leader>
  <controlfield tag="001">1140813</controlfield>
  <controlfield tag="003">YEEZEN</controlfield>
  <controlfield tag="005">20250724152306.0</controlfield>
  <controlfield tag="008">241113s2024    ch     e      000 0 chi d</controlfield>
  <datafield tag="020" ind1=" " ind2=" ">
    <subfield code="a">9786269879809</subfield>
    <subfield code="q">(&#x5E73;&#x88DD;) :</subfield>
    <subfield code="c">NT$420</subfield>
  </datafield>
  <datafield tag="040" ind1=" " ind2=" ">
    <subfield code="a">PTTCL</subfield>
    <subfield code="b">chi</subfield>
    <subfield code="c">PTTCL</subfield>
    <subfield code="e">CCR</subfield>
  </datafield>
  <datafield tag="042" ind1=" " ind2=" ">
    <subfield code="a">nbic</subfield>
  </datafield>
  <datafield tag="084" ind1=" " ind2=" ">
    <subfield code="a">429</subfield>
    <subfield code="2">ncsclt</subfield>
  </datafield>
  <datafield tag="090" ind1=" " ind2=" ">
    <subfield code="a">429</subfield>
  </datafield>
  <datafield tag="100" ind1="1" ind2=" ">
    <subfield code="a">&#x6797;&#x6176;&#x9806;</subfield>
  </datafield>
  <datafield tag="245" ind1="1" ind2="0">
    <subfield code="a">&#x751F;&#x6D3B;&#x4E2D;&#x7684;&#x50DE;&#x79D1;&#x5B78; :</subfield>
    <subfield code="b">&#x9802;&#x5C16;&#x91AB;&#x5B78;&#x671F;&#x520A;&#x8A55;&#x5BE9;&#x4EE5;&#x79D1;&#x5B78;&#x8B49;&#x64DA;&#x7834;&#x89E3;&#x667A;&#x5546;&#x7A05;&#x7522;&#x54C1;&#x548C;&#x5371;&#x8A00;&#x8073;&#x807D;&#x7684;&#x5065;&#x5EB7;&#x8CC7;&#x8A0A; = Stupid tax &amp; health rumors /</subfield>
    <subfield code="c">&#x6797;&#x6176;&#x9806;&#x8457;</subfield>
  </datafield>
  <datafield tag="246" ind1="1" ind2=" ">
    <subfield code="a">&#x9802;&#x5C16;&#x91AB;&#x5B78;&#x671F;&#x520A;&#x8A55;&#x5BE9;&#x4EE5;&#x79D1;&#x5B78;&#x8B49;&#x64DA;&#x7834;&#x89E3;&#x667A;&#x5546;&#x7A05;&#x7522;&#x54C1;&#x548C;&#x5371;&#x8A00;&#x8073;&#x807D;&#x7684;&#x5065;&#x5EB7;&#x8CC7;&#x8A0A;</subfield>
  </datafield>
  <datafield tag="246" ind1="3" ind2="1">
    <subfield code="a">Stupid tax &amp; health rumors.</subfield>
  </datafield>
  <datafield tag="250" ind1=" " ind2=" ">
    <subfield code="a">&#x521D;&#x7248;</subfield>
  </datafield>
  <datafield tag="260" ind1=" " ind2=" ">
    <subfield code="a">&#x81FA;&#x5317;&#x5E02; :</subfield>
    <subfield code="b">&#x4E00;&#x5FC3;&#x6587;&#x5316;,</subfield>
    <subfield code="c">2024.08</subfield>
  </datafield>
  <datafield tag="300" ind1=" " ind2=" ">
    <subfield code="a">315 &#x9762; ;</subfield>
    <subfield code="c">23 &#x516C;&#x5206;</subfield>
  </datafield>
  <datafield tag="490" ind1="0" ind2=" ">
    <subfield code="a">Science ;</subfield>
    <subfield code="v">008.</subfield>
  </datafield>
  <datafield tag="490" ind1="0" ind2=" ">
    <subfield code="a">&#x9910;&#x684C;&#x4E0A;&#x7684;&#x507D;&#x79D1;&#x5B78;&#x7CFB;&#x5217; ;</subfield>
    <subfield code="v">6.</subfield>
  </datafield>
  <datafield tag="500" ind1=" " ind2=" ">
    <subfield code="a">&#x9644;&#x9304; : &#x8CC7;&#x6599;&#x4F86;&#x6E90;</subfield>
  </datafield>
  <datafield tag="650" ind1=" " ind2="7">
    <subfield code="a">&#x5BB6;&#x5EAD;&#x91AB;&#x5B78;</subfield>
    <subfield code="2">lcstt.</subfield>
  </datafield>
  <datafield tag="650" ind1=" " ind2="7">
    <subfield code="a">&#x4FDD;&#x5065;&#x5E38;&#x8B58;</subfield>
    <subfield code="2">lcstt.</subfield>
  </datafield>
  <datafield tag="942" ind1=" " ind2=" ">
    <subfield code="2">ccl</subfield>
    <subfield code="c">BOOK</subfield>
  </datafield>
  <datafield tag="999" ind1=" " ind2=" ">
    <subfield code="c">7665</subfield>
    <subfield code="d">7665</subfield>
  </datafield>
  <datafield tag="952" ind1=" " ind2=" ">
    <subfield code="0">0</subfield>
    <subfield code="1">0</subfield>
    <subfield code="2">ccl</subfield>
    <subfield code="4">0</subfield>
    <subfield code="7">0</subfield>
    <subfield code="a">yeezen</subfield>
    <subfield code="b">yeezen</subfield>
    <subfield code="c">YEEZEN</subfield>
    <subfield code="d">2025-07-24</subfield>
    <subfield code="l">2</subfield>
    <subfield code="o">429</subfield>
    <subfield code="p">C03251</subfield>
    <subfield code="r">2025-09-23 00:00:00</subfield>
    <subfield code="s">2025-09-08</subfield>
    <subfield code="w">2025-07-24</subfield>
    <subfield code="y">BOOK</subfield>
    <subfield code="z">&#x7814;&#x7A76;&#x6307;&#x51FA;&#x3001;&#x5C08;&#x5BB6;&#x8868;&#x793A;&#x3001;&#x6700;&#x65B0;&#x79D1;&#x6280;&#x3001;&#x77E5;&#x540D;&#x7DB2;&#x7D05;&#x3001;&#x793E;&#x7FA4;&#x760B;&#x50B3;&#x22EF;&#x22EF;99%&#x90FD;&#x662F;&#x9A19;&#x5C40;! &#x5C64;&#x51FA;&#x4E0D;&#x7AAE;&#x7684;&#x795E;&#x5947;&#x80FD;&#x91CF;&#x7522;&#x54C1;&#x3001;&#x71B1;&#x9580;&#x6E1B;&#x80A5;&#x751F;&#x9AEE;&#x5B89;&#x7720;&#x85E5;&#x7269;&#x3001;&#x4FDD;&#x5065;&#x98DF;&#x54C1;&#x8207;&#x81B3;&#x98DF;&#x88DC;&#x5145;&#x5291;&#x3001;&#x6D41;&#x884C;&#x98F2;&#x98DF;&#x6CD5;&#x8207;&#x65B0;&#x8208;&#x7642;&#x6CD5;,&#x5230;&#x5E95;&#x54EA;&#x4E9B;&#x662F;&#x53EF;&#x4EE5;&#x76F8;&#x4FE1;&#x7684;&#x771F;&#x79D1;&#x5B78;,&#x54EA;&#x4E9B;&#x53C8;&#x662F;&#x8B93;&#x4EBA;&#x767D;&#x82B1;&#x51A4;&#x6789;&#x9322;&#x7684;&#x667A;&#x5546;&#x7A05;&#x7522;&#x54C1;?&#x8A31;&#x591A;&#x300C;&#x540D;&#x4EBA;&#x300D;&#x548C;&#x300C;&#x5C08;&#x5BB6;&#x300D;&#x5047;&#x501F;&#x79D1;&#x5B78;&#x6982;&#x5FF5;,&#x767C;&#x8868;&#x6975;&#x7AEF;&#x8A00;&#x8AD6;&#x53CA;&#x6050;&#x6016;&#x884C;&#x92B7;,&#x5176;&#x4E2D;&#x4E0D;&#x4E4F;&#x4F5C;&#x5BB6;&#x3001;&#x85E5;&#x5E2B;&#x3001;&#x71DF;&#x990A;&#x5E2B;&#x3001;&#x91AB;&#x751F;&#x6216;&#x6559;&#x6388;&#x3002;</subfield>
  </datafield>
</record>
